गानतपस्विनी (Record no. 1245076)

MARC details
000 -LEADER
fixed length control field 00644nam a2200193Ia 4500
008 - FIXED-LENGTH DATA ELEMENTS--GENERAL INFORMATION
fixed length control field 151121s9999||||xx |||||||||||||| ||und||
082 ## - DEWEY DECIMAL CLASSIFICATION NUMBER
Classification number 927/इनाम
082 ## - DEWEY DECIMAL CLASSIFICATION NUMBER
Item number HNW-63544
100 ## - MAIN ENTRY--PERSONAL NAME
Personal name इनामदार कल्याणी
245 ## - TITLE STATEMENT
Title गानतपस्विनी
260 ## - PUBLICATION, DISTRIBUTION, ETC. (IMPRINT)
Name of publisher, distributor, etc "मेहता पब्लि। हाऊस, पुणे।"
260 ## - PUBLICATION, DISTRIBUTION, ETC. (IMPRINT)
Date of publication, distribution, etc --
300 ## - PHYSICAL DESCRIPTION
Extent 125
600 ## - SUBJECT ADDED ENTRY--PERSONAL NAME
Personal name इनामदार कल्याणी
630 ## - SUBJECT ADDED ENTRY--UNIFORM TITLE
Uniform title गानतपस्विनी
700 ## - ADDED ENTRY--PERSONAL NAME
Personal name इनामदार कल्याणी
730 ## - ADDED ENTRY--UNIFORM TITLE
Uniform title गानतपस्विनी
942 ## - ADDED ENTRY ELEMENTS (KOHA)
Koha item type Book
Holdings
Withdrawn status Lost status Damaged status Not for loan Home library Current library Date acquired Cost, normal purchase price Total Checkouts Full call number Barcode Date last seen Cost, replacement price Price effective from Koha item type
        Hirachand Nemchand Wachanalaya, Solapur Hirachand Nemchand Wachanalaya, Solapur 11/21/2015 50.00   HNW-63544 HNW-63544 11/21/2015 50.00 11/21/2015 Book